|
|
|
|
| LEADER |
00000nam0a2200000 4500 |
| 001 |
119259 |
| 005 |
20231031124455.0 |
| 020 |
|
|
|a RU
|b 87-95774
|
| 035 |
|
|
|a (RuTPU)RU\TPU\book\129059
|
| 090 |
|
|
|a 119259
|
| 100 |
|
|
|a 20070627d1987 m a0rusy5003 ca
|
| 101 |
0 |
|
|a rus
|
| 102 |
|
|
|a RU
|
| 105 |
|
|
|a a j 001zy
|
| 200 |
1 |
|
|a Основания геометрии
|e учебное пособие для вузов
|f А. Д. Александров
|
| 210 |
|
|
|a Москва
|c Наука
|d 1987
|
| 215 |
|
|
|a 286,[2] с.
|c ил.
|d 22 см
|
| 320 |
|
|
|a Библиогр.: с. 287 (12 назв.)
|
| 320 |
|
|
|a Предм. указ.: с. 288
|
| 610 |
1 |
|
|a геометрия
|
| 610 |
1 |
|
|a учебные пособия
|
| 610 |
1 |
|
|a понятия
|
| 610 |
1 |
|
|a отрезки
|
| 610 |
1 |
|
|a плоскости
|
| 610 |
1 |
|
|a аксиоматика
|
| 610 |
1 |
|
|a аксиомы
|
| 610 |
1 |
|
|a площади
|
| 610 |
1 |
|
|a объемы
|
| 675 |
|
|
|a 514(075.8)
|z rus
|
| 700 |
|
1 |
|a Александров
|b А. Д.
|g Александр Данилович
|4 070
|
| 801 |
|
0 |
|a RU
|b RuMRKP
|c 19950417
|g psbo
|
| 801 |
|
1 |
|a RU
|b 63413507
|c 20070627
|g PSBO
|
| 801 |
|
2 |
|a RU
|b 63413507
|c 20081005
|g PSBO
|
| 942 |
|
|
|c BK
|